000 00693nam a22001937a 4500
999 _c59679
_d59679
003 Ge_BSU
005 20230331155446.0
008 230331s2009 enk||||| |||| 00| 0 eng d
020 _a9780754648116x
041 _aeng
080 _a37:61 E-25
245 _aEducating Professionals:
_bPractice Learning in Health and Social Care
_cSteven M. Shardlow, Mark Doel.
264 _aBurlington :
_bAshgate,
_c2009.
300 _a294 p.;
_b24 cm.
653 _aპრაქტიკული სწავლება მედიცინაში
700 _aShardlow, Steven M.
_eრედაქტორი
_917375
700 _aDoel, Mark
_eრედაქტორი
_917295
942 _2udc
_cBK